|
|
|
|
| LEADER |
02019nam a2200445 i 4500 |
| 001 |
EBC5391892 |
| 003 |
MiAaPQ |
| 005 |
20200520144314.0 |
| 006 |
m o d | |
| 007 |
cr cnu|||||||| |
| 008 |
180713s2018 enk ob 001 0deng d |
| 020 |
|
|
|z 9781849465830
|
| 020 |
|
|
|a 9781782254881 (e-book)
|
| 020 |
|
|
|a 9781782254874 (e-book)
|
| 035 |
|
|
|a (MiAaPQ)EBC5391892
|
| 035 |
|
|
|a (Au-PeEL)EBL5391892
|
| 035 |
|
|
|a (OCoLC)1036752687
|
| 040 |
|
|
|a MiAaPQ
|b eng
|e rda
|e pn
|c MiAaPQ
|d MiAaPQ
|
| 043 |
|
|
|a ae-----
|
| 050 |
|
4 |
|a KNC742
|b .T485 2018
|
| 082 |
0 |
|
|a 341.24/73
|2 23
|
| 100 |
1 |
|
|a Tevini, Anna G.,
|e author.
|
| 245 |
1 |
0 |
|a Regional economic integration and dispute settlement in East Asia :
|b the evolving legal framework /
|c Anna G. Tevini.
|
| 264 |
|
1 |
|a Oxford :
|b Hart Publishing,
|c 2018.
|
| 300 |
|
|
|a 1 online resource (587 pages).
|
| 336 |
|
|
|a text
|b txt
|2 rdacontent
|
| 337 |
|
|
|a computer
|b c
|2 rdamedia
|
| 338 |
|
|
|a online resource
|b cr
|2 rdacarrier
|
| 490 |
1 |
|
|a Studies in international trade and investment law ;
|v Volume 19
|
| 504 |
|
|
|a Includes bibliographical references and index.
|
| 588 |
|
|
|a Description based on print version record.
|
| 590 |
|
|
|a Electronic reproduction. Ann Arbor, MI : ProQuest, 2018. Available via World Wide Web. Access may be limited to ProQuest affiliated libraries.
|
| 650 |
|
0 |
|a Dispute resolution (Law)
|z East Asia.
|
| 651 |
|
0 |
|a East Asia
|x Economic integration.
|
| 651 |
|
0 |
|a East Asia
|x Foreign economic relations.
|
| 655 |
|
4 |
|a Electronic books.
|
| 776 |
0 |
8 |
|i Print version:
|a Tevini, Anna G.
|t Regional economic integration and dispute settlement in East Asia : the evolving legal framework.
|d Oxford : Hart Publishing, 2018
|h 587 pages
|k Studies in international trade and investment law ; Volume 19.
|z 9781849465830
|w (DLC) 2018000910
|
| 797 |
2 |
|
|a ProQuest (Firm)
|
| 830 |
|
0 |
|a Studies in international trade and investment law ;
|v Volume 19.
|
| 856 |
4 |
0 |
|u https://ebookcentral.proquest.com/lib/matrademy/detail.action?docID=5391892
|z Click to View
|